Florencio de Basaldúa (Record no. 176930)

MARC details
000 -LEADER
campo de control de longitud fija 00831nam a22002655i 4500
001 - NÚMERO DE CONTROL
campo de control 176930
003 - IDENTIFICADOR DE NÚMERO DE CONTROL
campo de control ES-MaACL
005 - FECHA Y HORA DE LA ÚLTIMA TRANSACCIÓN
campo de control 20230906220220.0
008 - DATOS DE LONGITUD FIJA--INFORMACIÓN GENERAL
campo de control de longitud fija 110218s2008 ag |||| | spa d
020 ## - NÚMERO INTERNACIONAL ESTÁNDAR DEL LIBRO
Número Internacional Estándar del Libro 978-987-9145-20-3
080 ## - NÚMERO DE LA CLASIFICACIÓN DECIMAL UNIVERSAL
Número de la Clasificación Decimal Universal 32(82)
080 ## - NÚMERO DE LA CLASIFICACIÓN DECIMAL UNIVERSAL
Número de la Clasificación Decimal Universal 929 Basaldúa, Florencio de
100 1# - ENTRADA PRINCIPAL--NOMBRE DE PERSONA
Nombre de persona Reggini, Horacio C.
9 (RLIN) 95883
245 10 - MENCIÓN DEL TÍTULO
Título Florencio de Basaldúa
Resto del título : un vasco argentino /
Mención de responsabilidad, etc. Horacio C. Reggini.
250 ## - MENCION DE EDICION
Mención de edición 1ª ed.
260 ## - PUBLICACIÓN, DISTRIBUCIÓN, ETC.
Lugar de publicación, distribución, etc. Buenos Aires :
Nombre del editor, distribuidor, etc. Academia Nacional de Educación,
Fecha de publicación, distribución, etc. 2008.
300 ## - DESCRIPCIÓN FÍSICA
Extensión 254 p. :
Otras características físicas il. bl. y n. ;
Dimensiones 21 cm.
490 1# - MENCIÓN DE SERIE
Mención de serie Estudios ;
Designación de volumen o secuencia 22
500 ## - NOTA GENERAL
Nota general Índice.
504 ## - NOTA DE BIBLIOGRAFÍA, ETC.
Nota de bibliografía, etc. Incluye referencias bibliográficas.
600 14 - PUNTO DE ACCESO ADICIONAL DE MATERIA--NOMBRE DE PERSONA
Nombre de persona Basaldúa, Florencio de-
Subdivisión de forma Biografías.
9 (RLIN) 145280
830 0# - PUNTO DE ACCESO ADICIONAL DE SERIE-TÍTULO UNIFORME
Título uniforme Estudios ;
Designación de volumen o secuencia 22
9 (RLIN) 177349
852 ## - LOCALIZACIÓN
Ubicación ES-MaACL
Número de control de estantería E-14364
Holdings
Estatus retirado Estado de pérdida Estado de daño No para préstamo Biblioteca de origen Biblioteca actual Ubicación en estantería Fecha de adquisición Fuente de adquisición Total de préstamos Signatura topográfica completa Código de barras Visto por última vez Precio de reemplazo Tipo de ítem Koha
        Biblioteca del Ateneo de Madrid Biblioteca del Ateneo de Madrid Depósito 2 18/02/2011     E-14364 1185830 23/02/2023 23/02/2023 Libro impreso